000 00425nam a2200181Ia 4500
001 9610
005 20260306161731.0
008 260306t2006||||xx |||||||||||||| ||spa||
041 _aESP
082 _a382.610985
_bM19
100 _aMalca G., Oscar
_eAUT
245 0 _aPerfiles de productos con potencial agroexportador
260 _c2006
300 _a
_c
650 _aGEN
654 _aCAN
942 _cLIB
_dJUS
_fJUS
_2ddc
_n
999 _c9610
_d9610